000 00943nam a2200289Ia 4500
003 OSt
005 20221007123957.0
006 a|||||r|||| 00| 0
007 ta
008 221006b |||||||| |||| 00| 0 eng d
020 _a9783540681892 (hbd)
024 _a83420
037 _b1192, 19/01/2009, Educational Book Agency (India)
_cTextbook
040 _aCDL
_cCDL
_beng
041 _2eng
_aeng
082 _aE8, P8 CARC
100 _aMatsumoto Kiyoshi
_9718243
245 0 _aHeterocyclic supramolecules I
260 _aBerlin
_bSpringer
_c2008
300 _axi, 201p.
_ccm.
490 _aTopics in heterocyclic chemistry, 17
500 _aIncludes bibliographical references.; Index 199-201p.
650 _a Heterocyclic chemisrty
_9718244
650 _aChemistry
942 _hE8, P8 CARC
_cTB
_2CC
999 _c1212735
_d1212735